All Dutch Territories (EASY) - Statistics

General Stats
  • This quiz has been taken 29 times
    21 since last reset
  • The average score is 5 of 6
Answer Stats
Continent Answer % Correct
North America Curacao
100%
North America Aruba
89%
North America Bonaire
83%
North America Saba
83%
North America Sint Maarten
83%
North America Sint Eustatius
67%
No matching quizzes found
Score Distribution
Percent of People with Each Score
Percentile by Number Answered
Your Score History
You have not taken this quiz since the last reset